UBT Library

The Art and craft of teaching / (Record no. 41568)

000 -LEADER
fixed length control field 00627cam a2200217 a 4500
001 - CONTROL NUMBER
control field 950462
005 - DATE AND TIME OF LATEST TRANSACTION
control field 20180201095127.0
008 - FIXED-LENGTH DATA ELEMENTS--GENERAL INFORMATION
fixed length control field 840123s1984 mau b 001 0 eng
010 ## - LIBRARY OF CONGRESS CONTROL NUMBER
LC control number 84000625
020 ## - INTERNATIONAL STANDARD BOOK NUMBER
International Standard Book Number 0674046803 (pbk. : alk. paper)
040 ## - CATALOGING SOURCE
Original cataloging agency DLC
Transcribing agency DLC
Modifying agency DLC
-- OCoLC
041 ## - LANGUAGE CODE
Language code of text/sound track or separate title eng
080 ## - UNIVERSAL DECIMAL CLASSIFICATION NUMBER
Universal Decimal Classification number 378..125 mar
082 00 - DEWEY DECIMAL CLASSIFICATION NUMBER
Classification number 378..125 mar
Edition number 19
100 ## - Rafti
Rafti 48
101 ## - Shkurtesa
Shkurtesa edu
245 04 - TITLE STATEMENT
Title The Art and craft of teaching /
Statement of responsibility, etc edited by Margaret Morganroth Gullette.
504 ## - BIBLIOGRAPHY, ETC. NOTE
Bibliography, etc Includes bibliographical references and index.
906 ## - LOCAL DATA ELEMENT F, LDF (RLIN)
a 7
b cbc
c orignew
d 1
e ocip
f 19
g y-gencatlg
942 ## - ADDED ENTRY ELEMENTS (KOHA)
Source of classification or shelving scheme
Item type Books
Holdings
Withdrawn status Lost status Source of classification or shelving scheme Damaged status Not for loan Collection code Permanent location Current location Shelving location Date acquired Total Checkouts Full call number Barcode Date last seen Price effective from Koha item type
          Koleksioni i përgjithshem UBT - Lipjan UBT - Lipjan Koleksioni i përgjithshem 02/01/2018   378..125 mar 002-2997766 02/01/2018 02/01/2018 Books
UBT Library © 2015-2024. All rights reserved University Education for Business and Technology